000 00937nam a22002177a 4500
003 LK-CoMWRAF
005 20240605130639.0
008 240331b1997 |||||||| |||| 00| 0 eng d
040 _aLK-CoMWRAF
_dLK-CoMWRAF
_eLK-CoMWRAF
041 _atam
082 _a370.092
_bJAM
100 _aஜெமீல், எஸ்.எச்.எம்.
_vJameel, S.H.M.
245 _aகலாநிதி பதியுத்தீன் மஹ்மூதின் கல்லிப் பணிகள்
246 _aKalāniti patiyuttīṉ mahmūtiṉ kallip paṇikaḷ
260 _aSainthamaruthu:
_bIslamic Book Publication Bureau,
_c1997
300 _a44 p.
490 _aஇஸ்லாமிய நூல் வெளியீட்டுப் பணியகம் வெளியீடு
_v18
650 _aEDUCATIONAL CONTRIBUTIONS-politicians-Sri Lanka
856 _uhttps://noolaham.net/project/149/14817/14817.pdf
942 _cBK
999 _c4880
_d4880